000
00317nam a22001337a 4500
008
171018b xxu||||| |||| 00| 0 eng d
020
_a
025602006-X
041
_a
eng
080
_a
338
100
_a
53
101
_a
MEN
245
_a
QUANTITATIVE METHODS IN MANAGEMENT TEXT AND CASES
_c
VATTER,P.A
942
_2
udc
_c
BK
999
_c
34799
_d
34799